|
|
|
|
| LEADER |
01368nam a2200301 a 4500 |
| 001 |
13992924 |
| 008 |
091018r20032001enk b 001 0 eng d |
| 010 |
|
|
|a \\2005277095
|
| 020 |
|
|
|a 0406930589 (pbk.)
|
| 020 |
|
|
|a 8180380408
|
| 040 |
|
|
|a DLC
|c DLC
|d DLC
|
| 082 |
0 |
0 |
|a 346.4202
|2 21
|
| 100 |
1 |
|
|a Cheshire, G. C.
|q (Geoffrey Chevalier),
|d 1886-1978.
|
| 245 |
1 |
0 |
|a Cheshire, Fifoot, and Furmston's Law of contract.
|
| 250 |
|
|
|a 14th ed.
|
| 260 |
|
|
|a London :
|b Butterworths/LexisNexis,
|c 2001 [reprinted 2003]
|
| 300 |
|
|
|a lxi, 762 p. ;
|c 25 cm.
|
| 500 |
|
|
|a Rev. ed of: Cheshire and Fifoot's Law of contract.
|
| 504 |
|
|
|a Includes bibliographical references and index.
|
| 541 |
1 |
|
|e 00012580
|
| 650 |
|
0 |
|a Contracts
|z Great Britain.
|
| 700 |
1 |
|
|a Fifoot, C. H. S.
|q (Cecil Herbert Stuart),
|d 1899-1975.
|
| 700 |
1 |
|
|a Furmston, M. P.
|
| 700 |
1 |
|
|a Cheshire, G. C.
|q (Geoffrey Chevalier),
|d 1886-1978.
|t Cheshire and Fifoot's Law of contract.
|
| 852 |
4 |
|
|a Ayesha Abed Library
|j General shelf
|
| 999 |
|
|
|c 4682
|d 4682
|
| 952 |
|
|
|0 0
|1 0
|2 ddc
|4 0
|6 346_420200000000000_CHE
|7 0
|9 4469
|a BRACUL
|b BRACUL
|c GEN
|d 2009-10-18
|g 450.00
|l 7
|m 34
|o 346.4202 CHE
|p 3010012580
|r 2019-12-08
|s 2019-12-08
|t 1
|v 900.00
|w 2009-10-18
|y BK
|
| 952 |
|
|
|0 0
|1 4
|2 ddc
|4 0
|6 346_420200000000000_CHE
|7 0
|9 7783
|a BRACUL
|b BRACUL
|c GEN
|d 2010-02-04
|l 0
|o 346.4202 CHE
|p 3010015252
|r 2010-02-04
|t 2
|w 2010-02-04
|y BK
|x Koha Inventory 2020
|